000 00469nam a2200169Ia 4500
008 230711s9999||||xx |||||||||||||| ||und||
020 _a978-81-203-3418-2
041 _aENG
082 _a670
_bGR-A
100 _aGroover,Mikell P
245 0 _aAutomation production systems and computer- intergrated manufacturing
250 _a3rd Ed.
260 _c2011
_aNew Delhi
_bPHI Learning Private Limited
300 _a815
650 _aMechanical Engineering
942 _cBK
999 _c5096
_d5096